| 000 | 00471nam a22001577a 4500 | ||
|---|---|---|---|
| 008 | 230410b |||||||| |||| 00| 0 eng d | ||
| 040 |
_aNational Science Library _cNational Science Library |
||
| 080 |
_a338(083.3)(540) _bK8 |
||
| 245 | _aStatistical outline of Indian economy | ||
| 260 |
_aBombay: _bVora & Co., Publishers, _c1968 |
||
| 300 | _axii, 203p. | ||
| 650 | _aEconomic history | ||
| 653 | _aStatistics | ||
| 700 | _aKulkarni, V G (Comp.) | ||
| 942 |
_2udc _cBK |
||
| 999 |
_c19667 _d19667 |
||